LEADER 01360nam a2200289 i 4500 001 000000177940 003 CaOOAMICUS 005 20090302000000.0 008 090302s2008 it u000 u ita u 013 $a155509 020 $a978-88-308-0942-0 040 $aSeMil$bita 100 1 $aVergano, Giancarlo.$0(OLS)http://semarc/name/66178 245 13$aLa forza della grazia :$bla teoria della causalità sacramentale di L. Billot /$cGiancarlo Vergano ; prefazione di Sergio Ubbiali ; postfazione di Vittorio Croce. 260 $aAssisi :$bCittadella,$c2008. 300 $a312 p. ;$c21 cm. 490 0 $aStudi e ricerche 600 14$aBillot, Louis .$0(OLS)http://semarc/subject/11011 700 1 $aCroce, Vittorio <1941- >.$0(OLS)http://semarc/name/21413 700 1 $aUbbiali, Sergio Battista,$c.$0(OLS)http://semarc/name/4688 830 0$aStudi e ricerche.$0(OLS)http://semarc/title/6597 850 $aSeMil 852 $aSeMil$W1$xVenegono$y1$m2D II 378$j128736$B128736$CSeMilBibl$Z2$F139935 $81 961 $aOmaggio: Paleari don Marco 996 $6020$a978-88-308-0942-0$9(OLS)http://semarc/number/166856 996 $6245$aLa forza della grazia :$bla teoria della causalità sacramentale di L. Billot$9(OLS)http://semarc/title/255558 996 $6260$aAssisi :$bCittadella$9(OLS)http://semarc/publisher/29661 LEADER 01490nam a2200313 i 4500 001 000000083973 003 CaOOAMICUS 005 20190530153718.0 008 180830s1983 xx u000 u und u 013 $a56213 020 $a88-420-2938-6 040 $aSeMil$bita 100 1 $aFichte, Johann Gottlieb,$c<1762-1814>.$0(OLS)http://semarc/name/21400 245 10$aSul concetto della dottrina della scienza ; Fondamenti dell'intera dottrina della scienza /$cJohann Gottlieb Fichte. 246 0 $iPubblicato con$aFondamenti dell'intera dottrina della scienza 250 $a2. ed 260 $aRoma :$bLaterza,$c1983. 300 $aXXXII, 276 p. ;$c21 cm 490 1 $aBiblioteca universale Laterza ;$v208 650 4$aEpistemologia filosofica.$0(OLS)http://semarc/subject/1833 650 4$aFichte, Johann Gottlieb <1762-1814> - Opere.$0(OLS)http://semarc/subject/13409 830 0$aBiblioteca universale Laterza ;$v208.$0(OLS)http://semarc/title/6930 850 $aSeMil 852 $aSeMil$W1$xVenegono$y1$m2P VII 407$j213122$B48441$CSeMilBibl$Z2$F51572 $81 996 $6020$a88-420-2938-6$9(OLS)http://semarc/number/64658 996 $6245$aSul concetto della dottrina della scienza ; Fondamenti dell'intera dottrina della scienza$9(OLS)http://semarc/title/130883 996 $6246$aFondamenti dell'intera dottrina della scienza$9(OLS)http://semarc/title/423365 996 $6260$aRoma :$bLaterza$9(OLS)http://semarc/publisher/31353